Sudden Death - Landeshauptstädte Deutschlands - Statistiken

Allgemein
  • Dieses Quiz wurde 346 mal gespielt
  • Das Durchschnittsergebnis liegt bei 13 aus 16
Answers on the Grid
Answers color-coded by a green-red scale on the quiz's grid according to % correct below.
Berlin
Bremen
Dresden
Düsseldorf
Erfurt
Hamburg
Hannover
Kiel
Magdeburg
Mainz
München
Potsdam
Saarbrücken
Schwerin
Stuttgart
Wiesbaden
Frankfurt am Main
Dortmund
Osnabrück
Lübeck
Nürnberg
Würzburg
Köln
Wolfsburg
Ulm
Braunschweig
Kaiserslautern
Frankfurt an der Oder
Cottbus
Bielefeld
 
Antwortstatistiken
Antwort % Korrekt
Hamburg
89%
München
89%
Berlin
88%
Bremen
86%
Stuttgart
82%
Dresden
80%
Kiel
80%
Potsdam
80%
Saarbrücken
80%
Düsseldorf
79%
Erfurt
79%
Hannover
79%
Schwerin
79%
Mainz
77%
Wiesbaden
77%
Magdeburg
75%
Keine übereinstimmenden Quizze gefunden
Verteilung der Resultate
Anzahl Personen mit jedem Resultat
Perzentil nach korrekt beantworteten Fragen
Ihre Resultats-Entwicklung
Sie haben dieses Quiz noch nicht gespielt